000 00303nam a22001217a 4500
008 230621b xxu||||| |||| 00| 0 eng d
082 _a328.35
_bIPU 1983
245 _aInter-Parliamentary Bulletin
260 _aGeneva
_bInter-Parliamentary Union
_c1983
300 _a43p
440 _n1
942 _2ddc
_cBK
999 _c2287
_d2287